Preklad z/do málo rozšírených jazykov 4 - jazyk ako kultúrne dedičstvo zborník prednášok zo 4. medzinárodnej konferencie, Bratislava, 24. a 25. novembra 2017

Salvato in:
Dettagli Bibliografici
Enti autori: Preklad z/do málo rozšírených jazykov 4. Jazyk ako kultúrne dedičstvo. Medzinárodná konferencia, Slovenská spoločnosť prekladateľov odbornej literatúry
Altri autori: Štefčík, Jozef, 1976-, Rakšányiová, Jana, Gromová, Edita
Natura: Libro
Lingua:slovacco
ceco
russo
francese
Pubblicazione: Bratislava Slovenská spoločnosť prekladateľov odbornej literatúry 2018
Edizione:1. vydanie
Soggetti:
Tags: Aggiungi Tag
Nessun Tag, puoi essere il primo ad aggiungerne!!

MARC

LEADER 00000nam a2200000 4500
001 0248140
005 20240502073953.1
020 |a 978-80-970994-2-8 
041 0 |a slo 
041 0 |a cze 
041 0 |a rus 
041 0 |a fre 
044 |a SK 
245 1 0 |a Preklad z/do málo rozšírených jazykov 4 - jazyk ako kultúrne dedičstvo  |b zborník prednášok zo 4. medzinárodnej konferencie, Bratislava, 24. a 25. novembra 2017  |c editor: Jozef Štefčík ; recenzentky: Jana Rakšányiová, Edita Gromová 
250 |a 1. vydanie 
264 1 |a Bratislava  |b Slovenská spoločnosť prekladateľov odbornej literatúry  |c 2018 
300 |a 131 s. 
610 2 0 |a prekladateľstvo 
610 2 0 |a tlmočníctvo 
610 2 0 |a terminológia 
610 2 0 |a jazyky cudzie 
610 2 0 |a kultúra 
610 2 0 |a dedičstvo 
610 2 0 |a právo 
610 2 0 |a literatúra 
610 2 0 |a diplomacia 
610 2 0 |a poľnohospodárstvo 
700 1 |a Štefčík, Jozef, 1976- 
700 1 |a Rakšányiová, Jana 
700 1 |a Gromová, Edita 
110 2 |a Preklad z/do málo rozšírených jazykov 4. Jazyk ako kultúrne dedičstvo. Medzinárodná konferencia 
710 2 |a Slovenská spoločnosť prekladateľov odbornej literatúry